000 00754nam a2200205Ii 4500
003 JO-AjNU
008 230605s9999||||xx |||||||||||||| ||und||
040 _aJO-AjNU
_bara
_erda
_cJO-AjNU
041 _aara
050 1 4 _aPJ6696.Z5.F699 1988
100 3 _aأبي بكر السيوطي، أب الفضل جلال الدين عبد الرحمن؛شرح سمير حسين حلبي,
_eauthor
_920602
245 0 0 _aالمهذب فيما وقع في القرآن من المعرب
250 _aط1
264 3 1 _aبيروت: دار الكتب العلمية، 1988
300 _a192ص
336 _atext
_btxt
_2rdacontent
337 _aunmediated
_bn
_2rdamedia
338 _avolume
_bnc
_2rdacarrier
650 4 _aالقرآن-إعراب-ألفاظ
_920603
999 _aA7011
_c10579
_d10579